| 000 | 00616aam a2200253 4500 | ||
|---|---|---|---|
| 005 | 20250619142249.0 | ||
| 008 | 150519b xxu||||| |||| 00| 0 spa d | ||
| 020 | _a9580458367 | ||
| 041 | _aESP | ||
| 082 | _aCO 863 G216ot | ||
| 100 |
_aGarcía Márquez, Gabriel _93407 |
||
| 245 | _aEl otoño del patriarca | ||
| 260 | _aColombia | ||
| 260 | _bGrupo Editorial Norma | ||
| 260 | _c1996 | ||
| 300 | _a288 páginas | ||
| 490 | _aTemática General | ||
| 650 | _aNOVELA COLOMBIANA | ||
| 650 | _aLITERATURA COLOMBIANA | ||
| 650 | _aDICTADURA | ||
| 650 | _aSOLEDAD | ||
| 650 | _aPODER | ||
| 942 |
_cLIT _2ddc |
||
| 999 |
_c5708 _d5708 |
||